00668nam a22002177a 450000500170000001000130001702000260003003500130005603700160006904000120008508200170009710000170011424500820013126000380021327000590025130000240031050000510033465000230038565000200040870000220042820170124105952.0 aB-158353 c350.00a9788189557034 aB-158353 bCen Lib/Ret aDPLbEN a338.642bNAY aNayak, S. C. aRevival of small scale sick industry /cby S. C. Nayak [and] M. A. Altaf Khan aNew DelhibArise Publishersc2005 a4648/1, 21, Ansari Road, Darya GanjbNew Delhie110002 av,144p. :c22cm(Hb) aIncludes bibliographical references and index  aIndustrial policy  aSmall business  aAltaf Khan, M. A.